| 000 | 00000nam##2200000za#4500 |
| 001 | 9.590590 |
| 003 | CaOODSP |
| 005 | 20211213094337 |
| 007 | cr ||||||||||| |
| 008 | 150406|2015||||xxc|||||o f|0| 0 fre|d |
| 040 | |aCaOODSP|bfre |
| 041 | |aeng |
| 041 | |afre |
| 043 | |an-cn--- |
| 086 | 1 |aXB412-651/1-PDF |
| 110 | 1 |aCanada. |bParlement. |bChambre des communes. |
| 245 | 10|aLoi modifiant la Loi sur les musées afin de constituer le Musée ferroviaire canadien / |h[ressource électronique]|cM. Chicoine. |
| 246 | 1 |iTitre abrégé : |aLoi constituant le Musée ferroviaire canadien |
| 260 | |aOttawa - Ontario : |bChambre des communes |cPremière lecture le 28 janvier 2015. |
| 300 | |a7p. |
| 490 | 1 |aProjet de loi C-...|vC-651, 2e session, 41e législature |
| 590 | |a15-06|b2015-02-06 |
| 791 | |tAn Act to amend the Museums Act in order to establish the Canadian Railway Museum / |eeng|w(CaOODSP)9.590589 |
| 830 | #0|aProjet de loi C-...|vC-651, 2e session, 41e législature|w(CaOODSP)9.500660 |
| 856 | 40|ahttp://publications.gc.ca|qPDF|s79 Ko|uhttps://publications.gc.ca/collections/collection_2015/parl/XB412-651-1.pdf|yC-651, 2e session, 41e législature |